مكتبة جامعة عجلون الوطنية

فهرس بحث المكتبة

Auditing and Assurance services : (Record no. 33232)

MARC details
000 -LEADER
fixed length control field 01107cam a22003134a 4500
001 - CONTROL NUMBER
control field 13894975
003 - CONTROL NUMBER IDENTIFIER
control field JO-AjAnu
005 - DATE AND TIME OF LATEST TRANSACTION
control field 20231202132925.0
008 - FIXED-LENGTH DATA ELEMENTS--GENERAL INFORMATION
fixed length control field 050310s2006 njua 001 0 eng
010 ## - LIBRARY OF CONGRESS CONTROL NUMBER
LC control number 2005006768
020 ## - INTERNATIONAL STANDARD BOOK NUMBER
International Standard Book Number 0131867121
040 ## - CATALOGING SOURCE
Original cataloging agency DLC
Transcribing agency DLC
Modifying agency DLC
-- JO-AjAnu
042 ## - AUTHENTICATION CODE
Authentication code pcc
050 00 - LIBRARY OF CONGRESS CALL NUMBER
Classification number HF5667
Item number .A69 2006
082 00 - DEWEY DECIMAL CLASSIFICATION NUMBER
Classification number 657/.45
Edition number 22
100 1# - MAIN ENTRY--PERSONAL NAME
Personal name Arens, Alvin A.
Relator term Author
245 10 - TITLE STATEMENT
Title Auditing and Assurance services :
Remainder of title an integrated Approach /
Statement of responsibility, etc. Alvin A. Arens, Randal J. Elder, Mark S. Beasley.
250 ## - EDITION STATEMENT
Edition statement 11th ed.
260 ## - PUBLICATION, DISTRIBUTION, ETC.
Place of publication, distribution, etc. Upper Saddle River, N.J. :
Name of publisher, distributor, etc. Pearson Prentice Hall,
Date of publication, distribution, etc. c2006.
300 ## - PHYSICAL DESCRIPTION
Extent xvii, 799 p. :
Other physical details ill. (some col.) ;
Dimensions 29 cm.
500 ## - GENERAL NOTE
General note "Includes coverage of the Sarbanes-Oxley Act and Section 404 audits."
500 ## - GENERAL NOTE
General note Includes index.
650 #0 - SUBJECT ADDED ENTRY--TOPICAL TERM
Topical term or geographic name entry element Auditing.
700 1# - ADDED ENTRY--PERSONAL NAME
Personal name Elder, Randal J.
Relator term joint author
700 1# - ADDED ENTRY--PERSONAL NAME
Personal name Beasley, Mark S.
906 ## - LOCAL DATA ELEMENT F, LDF (RLIN)
a 7
b cbc
c orignew
d 1
e ecip
f 20
g y-gencatlg
942 ## - ADDED ENTRY ELEMENTS (KOHA)
Source of classification or shelving scheme Library of Congress Classification
Koha item type Books
Suppress in OPAC No
Holdings
Withdrawn status Lost status Source of classification or shelving scheme Damaged status Not for loan Home library Current library Date acquired Total Checkouts Full call number Barcode Date last seen Price effective from Koha item type
    Library of Congress Classification     مكتبة جامعة عجلون الوطنية مكتبة جامعة عجلون الوطنية 02/12/2023   HF5667.A69.2006 E3581 02/12/2023 02/12/2023 Books